| 000 | 00584nam a2200193 i 4500 | ||
|---|---|---|---|
| 001 | 150276 | ||
| 003 | ES-MaACL | ||
| 005 | 20250928102048.0 | ||
| 007 | t| | ||
| 008 | 071029s1914 ve ||||1| spa d | ||
| 080 | _a929 Bolívar, Simón | ||
| 100 | 1 |
_aVallenilla Lanz, Laureano. _9112865 |
|
| 245 | 1 | 3 |
_aEl libertador juzgado por los miopes / _cLaureano Vallenilla Lanz. |
| 260 |
_aCaracas : _b[s.n.], _c1914 ( _fLit. del Comercio) |
||
| 300 |
_a16 p. ; _c23 cm. |
||
| 600 | 1 | 4 |
_aBolívar, Simón, _d1783-1830 _929964 |
| 852 |
_aES-MaACL _jT-1411-F-7 |
||
| 999 |
_c150276 _d150276 |
||